000 00659cab a2200217 4500
001 ABS51398
008 090401t1994 xxu||||| |||| 00| 0 eng d
035 _a(Sirsi) u24843
041 _aeng
100 _aGarner, R.
245 _aWhat exactly is a Years Purchase
260 _c1994
350 _a0
490 _aInstitute of Revenues Rating and Valuation Journal
_vSeptember 1994, 210-211(2)
520 _aConsiders the use of the `years purchase multipler` in property investment theory.
650 _aINVESTMENT VALUATION
650 _aYEARS PURCHASE
690 _aPROPERTY-PROPERTY FINANCE AND INVESTMENT
942 _n0
948 _c04/03/1997
999 _c16664
_d16664